00510nam a2200181 a 450000100060000000300090000600800410001502000150005604000280007108200170009910000260011624500400014226000300018230000110021249000330022365000270025665000450028315261CO-ViMGA141112s2004 ck r 000 u spa d a9586903257 aCO-ViMGAbspacCO-ViMGA04a351.95 C656c1 aMora Caicedo, Esteban10aCódigo contencioso administrativo aBogotá, cLeyer, c2002 a503.p. aColección códigos Brevis14aDERECHO ADMINISTRATIVO14aPROCEDIMIENTO CONTENCIOSO ADMINISTRATIVO